LEADER 00650nam a2200193 i 4500 001 000000180428 003 CaOOAMICUS 005 20090709000000.0 008 090709s1937 it u000 u ita u 013 $a158073 040 $aSeMil$bita 245 10$a1897-1906. 300 $a540 p. 490 0 $aStudi e testi ;$v77 773 0 $tOpere minori.$dCittà del Vaticano : Biblioteca Apostolica Vaticana, 1937-1941.$g2$w()21655 830 0$aStudi e testi ;$v77.$0(OLS)http://semarc/title/153 850 $aSeMil 852 $aSeMil$W1$xVenegono$y1$m3C V 163$j131176$B131176$CSeMilBibl$Z2$F143065 $81 996 $6245$a1897-1906$9(OLS)http://semarc/title/259069 LEADER 00638naa a2200145 i 4500 001 000000293846 003 CaOOAMICUS 005 20180831172454.0 008 180831n xx u000 u und u 013 $a1129 040 $aSeMil$bita 100 1 $aDonceel-Voûte, Pauline.$0(OLS)http://semarc/name/84967 245 12$aL'inévitable chapelle des martyrs :$bidentification. 773 0 $tMartyrium in multidisciplinary perspective.$dLeuven : University Press, 1995.$kBibliotheca Ephemeridum Theologicarum Lovaniensium$z90-6186-665-0$z90-6831-680-X$w()42380 996 $6245$aL'inévitable chapelle des martyrs :$bidentification$9(OLS)http://semarc/title/369935